[Event "NOR-chB"]
[Site "Kristiansund"]
[Date "2001.07.10"]
[Round "4"]
[White "Kallset, Tore"]
[Black "Akre Aas, Halfdan"]
[Result "1-0"]
[WhiteElo "1702"]
[BlackElo "1593"]
[PlyCount "36"]
[EventDate "2001.07.??"]
[EventType "swiss"]
[EventRounds "9"]
[EventCountry "NOR"]
[SourceTitle "EXT 2005"]
[Source "ChessBase"]
[SourceDate "2004.11.15"]
[SourceVersion "1"]
[SourceVersionDate "2004.11.15"]
[SourceQuality "1"]

1. d4 Nf6 2. c4 e5 3. dxe5 Ng4 4. Bf4 Bb4+ 5. Nd2 Nc6 6. Ngf3 Qe7 7. a3 Bc5 8. e3 a5 9. Bg5 Qe6 10. Ne4 Ba7 11. Nc3 Ngxe5 12. Nd5 Nxf3+ 13. Qxf3 Bb8 14. Be2 0-0 15. Qg3 d6 16. Bf6 g6 17. Qh4 h5 18. Qg5 Qe8 1-0